000 00982nam a2200277 i 4500
001 bg
003 KOSZ 005
005 20190906085711.0
008 070830s1969 pl a f 001 0 pol
015 _aPB 1969/4272
040 _aWA N
_cKOSZ 005/RW
_dKOSZ 005/RW
080 _a66:62-5
100 1 _aTuszyński, Kazimierz
_d(?-2002).
_eAutor.
245 1 0 _aRegulacja automatyczna w inżynierii chemicznej /
_cK. Tuszyński.
250 _aWyd. 2.
260 _aWarszawa :
_bWydawnictwa Naukowo-Techniczne,
_c1969.
300 _a428 s. :
_bil. ;
_c25 cm.
380 _aKsiążki.
500 _aWyd. poprz. pt.: Automatyczna regulacja operacji jednostkowych.
504 _aBibliogr. s. [407]-419. Indeks.
650 4 _aAutomatyzacja
650 4 _aTechnologia chemiczna
710 2 _aWydawnictwa Naukowo-Techniczne
_4pbl.
856 _uhttp://koha.tu.koszalin.pl/cgi-bin/koha/opac-detail.pl?biblionumber=7927
_yKatalog online BPK
942 _2UKD
_cKS
999 _c7927
_d7927